LEADER 03457nam 2200649Ia 450 001 9910456301203321 005 20200520144314.0 010 $a1-78268-388-7 010 $a1-282-43737-2 010 $a9786612437373 010 $a0-8261-2429-1 035 $a(CKB)2550000000005591 035 $a(EBL)475134 035 $a(OCoLC)593196037 035 $a(SSID)ssj0000336036 035 $a(PQKBManifestationID)12131916 035 $a(PQKBTitleCode)TC0000336036 035 $a(PQKBWorkID)10277666 035 $a(PQKB)11185553 035 $a(MiAaPQ)EBC475134 035 $a(Au-PeEL)EBL475134 035 $a(CaPaEBR)ebr10354053 035 $a(CaONFJC)MIL243737 035 $a(EXLCZ)992550000000005591 100 $a20090901d2010 uy 0 101 0 $aeng 135 $aurcn||||||||| 181 $ctxt 182 $cc 183 $acr 200 00$aComplementary & alternative therapies in nursing$b[electronic resource] /$f[edited by] Mariah Snyder, Ruth Lindquist 205 $a6th ed. 210 $aNew York $cSpringer$dc2010 215 $a1 online resource (536 p.) 300 $aDescription based upon print version of record. 311 $a0-8261-2428-3 320 $aIncludes bibliographical references and index. 327 $aContents; Contributors; Foreword; Preface; PART I: FOUNDATIONS FOR PRACTICE; 1 Complementary/Alternative Therapies and Cultural Aspects of Care; 2 Self As Healer; 3 Presence; 4 Therapeutic Listening; PART II: MIND-BODY-SPIRIT THERAPIES; 5 Imagery; 6 Music Intervention; 7 Humor; 8 Yoga; 9 Biofeedback; 10 Meditation; 11 Prayer; 12 Storytelling; 13 Journaling; 14 Animal-Assisted Therapy; PART III: ENERGY AND BIOFIELD THERAPIES; 15 Light Therapy; 16 Magnet Therapy; 17 Healing Touch; 18 Reiki; 19 Acupressure; 20 Reflexology; 21 Creating Optimal Healing Environments 327 $aPART IV: MANIPULATIVE AND BODY-BASED THERAPIES 22 Massage; 23 Exercise; 24 Tai Chi; 25 Relaxation Therapies; PART V: BIOLOGICALLY BASED THERAPIES; 26 Aromatherapy; 27 Herbal Medicines; 28 Functional Foods and Nutraceuticals; PART VI: PRACTICE, EDUCATION, AND RESEARCH; 29 Integrating Complementary Therapies into Nursing Practice; 30 Integrating Complementary Therapies into Education; 31 Perspectives on Future Research; Index; 330 $aComplementary & Alternative Therapy in Nursing is unique in its field, and authors Mariah Snyder and Ruth Lindquist have carefully worked to bring forward the strengths of former editions in this cutting-edge new publication. The up-to-date, easy-to-retrieve, and authoritative information readers have come to expect is augmented by new chapters, contributors and references, along with live web resources. Also new to this edition is a broad emphasis on culture, including cultural applications in each chapter. Key Features:.: Incorporates the most recent research; Provides guidelines for evaluation 606 $aHolistic nursing 606 $aNurse and patient 606 $aAlternative medicine 608 $aElectronic books. 615 0$aHolistic nursing. 615 0$aNurse and patient. 615 0$aAlternative medicine. 676 $a610.73 701 $aSnyder$b Mariah$0855049 701 $aLindquist$b Ruth$0855050 801 0$bMiAaPQ 801 1$bMiAaPQ 801 2$bMiAaPQ 906 $aBOOK 912 $a9910456301203321 996 $aComplementary & alternative therapies in nursing$92463239 997 $aUNINA LEADER 02990nam 22006734a 450 001 9910954311803321 005 20260303041655.0 010 $a1-280-83372-6 010 $a9786610833726 010 $a0-85199-800-3 035 $a(CKB)111087028074736 035 $a(EBL)295081 035 $a(OCoLC)476061912 035 $a(SSID)ssj0000270104 035 $a(PQKBManifestationID)11206350 035 $a(PQKBTitleCode)TC0000270104 035 $a(PQKBWorkID)10261488 035 $a(PQKB)11344335 035 $a(MiAaPQ)EBC295081 035 $a(Au-PeEL)EBL295081 035 $a(CaPaEBR)ebr10060520 035 $a(EXLCZ)99111087028074736 100 $a20020702d2003 uy 0 101 0 $aeng 135 $aur|n|---||||| 181 $ctxt 182 $cc 183 $acr 200 10$aWeeds and weed management on arable land $ean ecological approach /$fSigurd Håkansson 205 $a1st ed. 210 $aWallingford, Oxon, UK ;$aCambridge, MA $cCABI Pub.$dc2003 215 $a1 online resource (288 p.) 300 $aDescription based upon print version of record. 311 08$a0-85199-651-5 320 $aIncludes bibliographical references (p. 248-268) and indexes. 327 $aContents; Preface; 1 Introduction; 2 Classification of Plants Based on Traits of Ecological Significance; 3 Annual and Perennial Crops; 4 Weed Communities Looked Upon as Early Stages in Secondary Vegetation Succession; 5 Weeds with Diverse Life Forms in Various Types of Crops; 6 Germination, Emergence and Establishment of Crop and Weed Plants; 7 Competition in Plant Stands of Short Duration; 8 Weed Flora and Plant Adaptation to Environment and Competitive Conditions; 9 Measurements of Competition and Competitiveness in Plant Stands of Short Duration; 10 Soil Tillage Effects on Weeds 327 $a11 Chemical Weed Control as an Element in the Cropping System12 Special Management Measures; 13 Important Points for Understanding the Occurrence and Rational Management of Weeds; References; Species Index; Subject Index 330 $aA guide to dealing with the appearance and management of plants with different traits that occur as weeds on arable land. It describes and discusses matters and relationships that are important as a basis for understanding the varying occurrence of weeds in different crops and cropping systems. 606 $aWeeds$xControl$zSweden 606 $aWeeds$xControl 606 $aWeeds$xEcology$zSweden 606 $aWeeds$xEcology 606 $aWeeds$zSweden 606 $aWeeds 615 0$aWeeds$xControl 615 0$aWeeds$xControl. 615 0$aWeeds$xEcology 615 0$aWeeds$xEcology. 615 0$aWeeds 615 0$aWeeds. 676 $a632/.5 700 $aHa?kansson$b Sigurd$f1928-$01895025 801 0$bMiAaPQ 801 1$bMiAaPQ 801 2$bMiAaPQ 906 $aBOOK 912 $a9910954311803321 996 $aWeeds and weed management on arable land$94547299 997 $aUNINA